01578nam a2200385Ia 4500001001200000003000800012006001900020007001500039008004100054010001700095020001500112020001500127040002100142035002100163050002500184082001800209245011300227260004400340300003000384490005900414504005100473533015200524650002000676650005200696651004900748651004400797651005500841655002900896700002700925700002200952710001700974830005600991856012601047999001901173ebr10060916CaPaEBRm u cr cn|||||||||910716s1992 enkab sb 101 0 eng d z 91027193  z0203035283 z0415061024 aCaPaEBRcCaPaEBR a(OCoLC)25294885114aHN723.5b.I33 1992eb04a306/.095222000aIdeology and practice in modern Japanh[electronic resource] /cedited by Roger Goodman and Kirsten Refsing. aLondon ;aNew York :bRoutledge,c1992. axii, 243 p. :bill., map.1 aThe Nissan Institute/Routledge Japanese studies series aIncludes bibliographical references and index. aElectronic reproduction.bPalo Alto, Calif. :cebrary,d2009.nAvailable via World Wide Web.nAccess may be limited to ebrary affiliated libraries. 0aSocial history. 0aNational characteristics, JapanesevCongresses. 0aJapanxSocial conditionsy1945-vCongresses. 0aJapanxCivilizationy1945-vCongresses. 0aJapanxSocial life and customsy1945-vCongresses. 7aElectronic books.2local1 aGoodman, Roger,d1960-1 aRefsing, Kirsten.2 aebrary, Inc. 0aNissan Institute/Routledge Japanese studies series.40uhttp://site.ebrary.com/lib/rucke/Doc?id=10060916zAn electronic book accessible through the World Wide Web; click to view c155777d155777